000 00639nam a2200217Ia 4500
001 4198
003 GE_BSU
008 181216s||||||||xx |||||||||||||| ||und||
040 _cGE_BSU
080 _a622.24(075.8)
100 _aСереда,Н.Г. Соловьев,Е.М.
245 _aБурение нефтяных и газовых скважин.
245 _cРед. Л.Ф.Маклакова.
260 _aМ.
260 _bНедра.
260 _c1974.
300 _a453 стр. 26 см.
300 _e27 табл. 235 илл.
653 _aБурение нефтяных и газовых скважин.
942 _cBK
999 _c38208
_d38208